[Event "Frankfurt-chA"]
[Site "Frankfurt"]
[Date "2016.06.13"]
[Round "7"]
[White "Kautz, Thomas"]
[Black "Thede, Stefan"]
[Result "0-1"]
[WhiteElo "1714"]
[BlackElo "1645"]
[PlyCount "86"]
[EventDate "2016.04.25"]
[EventType "swiss"]
[EventRounds "9"]
[EventCountry "GER"]
[SourceTitle "EXT 2018"]
[Source "ChessBase"]
[SourceDate "2017.10.13"]
[SourceVersion "1"]
[SourceVersionDate "2017.10.13"]
[SourceQuality "1"]

1. d4 Nf6 2. c4 g6 3. Nf3 Bg7 4. Nc3 0-0 5. e3 d6 6. Be2 c6 7. 0-0 Qc7 8. b3 e5 9. dxe5 dxe5 10. Bb2 Bf5 11. Qc1 Nbd7 12. Rd1 Rad8 13. Rd2 Nc5 14. b4 Rxd2 15. Qxd2 Rd8 16. Qe1 Nd3 17. Bxd3 Bxd3 18. h3 Bxc4 19. a3 e4 20. Nd4 Bd3 21. Rc1 Qd6 22. Na4 Nd7 23. Qc3 Qd5 24. Qd2 Ne5 25. Nc3 Qd6 26. Kh1 f5 27. Na4 Nc4 28. Rxc4 Bxc4 29. Qc3 Qd5 30. Nc5 Bxd4 31. exd4 b6 32. Na4 Bb5 33. Nc5 Kf7 34. Nb3 f4 35. Nd2 Bd3 36. Kg1 Ke6 37. f3 Kd6 38. fxe4 Bxe4 39. Nxe4+ Qxe4 40. d5 Qe3+ 41. Qxe3 fxe3 42. dxc6 e2 43. Kf2 Re8 0-1